The Undercommons of Childbirth and Their Abolitionist Ethic of Care. A Study into Obstetric Violence Among Mothers, Midwives (in Training), and Doulas
Engaging in dialogue with critical mothers, midwives, midwives in training, and doulas in the Netherlands, this study furthers the theoretical understanding of both obstetric violence and the activist resistance against it. Obstetric violence is understood as part of a process of relational separati...
| Authors: | ; ; |
|---|---|
| Format: | Electronic Article |
| Language: | English |
| Published: |
2025
|
| In: |
Violence against women
Year: 2025, Volume: 31, Issue: 1, Pages: 155-181 |
| Online Access: |
Volltext (kostenfrei) |
| Check availability: | HBZ Gateway |
| Keywords: |
MARC
| LEADER | 00000caa a22000002c 4500 | ||
|---|---|---|---|
| 001 | 1910911674 | ||
| 003 | DE-627 | ||
| 005 | 20250917081659.0 | ||
| 007 | cr uuu---uuuuu | ||
| 008 | 241205s2025 xx |||||o 00| ||eng c | ||
| 024 | 7 | |a 10.1177/10778012231205591 |2 doi | |
| 035 | |a (DE-627)1910911674 | ||
| 035 | |a (DE-599)KXP1910911674 | ||
| 040 | |a DE-627 |b ger |c DE-627 |e rda | ||
| 041 | |a eng | ||
| 084 | |a 2,1 |2 ssgn | ||
| 100 | 1 | |a Waal, Rodante van der |d 1992- |e VerfasserIn |0 (DE-588)1376581507 |0 (DE-627)1936049317 |4 aut | |
| 109 | |a Waal, Rodante van der 1992- |a Van der Waal, Rodante 1992- |a der Waal, Rodante van 1992- | ||
| 245 | 1 | 4 | |a The Undercommons of Childbirth and Their Abolitionist Ethic of Care. A Study into Obstetric Violence Among Mothers, Midwives (in Training), and Doulas |
| 264 | 1 | |c 2025 | |
| 336 | |a Text |b txt |2 rdacontent | ||
| 337 | |a Computermedien |b c |2 rdamedia | ||
| 338 | |a Online-Ressource |b cr |2 rdacarrier | ||
| 520 | |a Engaging in dialogue with critical mothers, midwives, midwives in training, and doulas in the Netherlands, this study furthers the theoretical understanding of both obstetric violence and the activist resistance against it. Obstetric violence is understood as part of a process of relational separation, leaving the pregnant person isolated. The activist resistance against it is consequently theorized as the abolitionist building of an alternative “otherworld” of radical relational care. The themes established are: (1) “institutionalized separation” with the subtheme's “expropriation,” “carcerality,” and “obstetric violence;” and (2) “undercommoning childbirth” with subthemes “fugitive planning,” “anarchic relationality,” and “obstetric abolition.” | ||
| 650 | 4 | |a Midwifery | |
| 650 | 4 | |a Birth | |
| 650 | 4 | |a obstetric abolition | |
| 650 | 4 | |a obstetric carcerality | |
| 650 | 4 | |a obstetric violence | |
| 700 | 1 | |a van Nistelrooij, Inge |e VerfasserIn |4 aut | |
| 700 | 1 | |a Leget, Carlo |d 1964- |e VerfasserIn |0 (DE-588)173214029 |0 (DE-627)698134095 |0 (DE-576)134063961 |4 aut | |
| 773 | 0 | 8 | |i Enthalten in |t Violence against women |d London [u.a.] : Sage, 1995 |g 31(2025), 1, Seite 155-181 |h Online-Ressource |w (DE-627)324827695 |w (DE-600)2031375-5 |w (DE-576)27681732X |x 1552-8448 |7 nnas |
| 773 | 1 | 8 | |g volume:31 |g year:2025 |g number:1 |g pages:155-181 |
| 856 | 4 | 0 | |u https://doi.org/10.1177/10778012231205591 |x Resolving-System |z kostenfrei |3 Volltext |7 0 |
| 935 | |a mkri | ||
| 951 | |a AR | ||
| ELC | |a 1 | ||
| LOK | |0 000 xxxxxcx a22 zn 4500 | ||
| LOK | |0 001 4631379006 | ||
| LOK | |0 003 DE-627 | ||
| LOK | |0 004 1910911674 | ||
| LOK | |0 005 20241205043606 | ||
| LOK | |0 008 241205||||||||||||||||ger||||||| | ||
| LOK | |0 035 |a (DE-2619)KrimDok#2024-12-04#2B2FB45F212FECA86F0077FC6F195D427427A25D | ||
| LOK | |0 040 |a DE-2619 |c DE-627 |d DE-2619 | ||
| LOK | |0 092 |o n | ||
| LOK | |0 852 |a DE-2619 | ||
| LOK | |0 852 1 |9 00 | ||
| LOK | |0 935 |a zota | ||
| LOK | |0 939 |a 05-12-24 |b l01 | ||
| OAS | |a 1 | ||
| ORI | |a SA-MARC-krimdoka001.raw | ||
